Diccionario manual e ilustrado de la lengua española (Registro nro. 1744)

Detalles MARC
000 -CABECERA
Campo de control 00754cam a2200217 a 4500
005 - FECHA Y HORA DE LA ULTIMA TRANSACCION
Campo de control 20160309141017.0
008 - ELEMENTOS DE LONGITUD FIJA—INFORMACION GENERAL
Campo de control 960212s19890000sp a 0 spa d
020 ## - ISBN
ISBN 8423959783
040 ## - FUENTE DE CATALOGACIÓN
Agencia catalogadora original CO-BoPUJ
Agencia transcriptora CO-BoIAVH
Agencia Modificadora CO-BoIAVH
041 0# - IDIOMA
Código de idioma para texto/pista de sonido o título separado Español
044 ## - PAÍS DE PUBLICACIÓN
País de publicación España
090 ## - CLASIFICACIÓN LOCAL
Colección RE-
Consecutivo 00004
110 2# - ASIENTO PRINCIPAL--NOMBRE CORPORATIVO
Nombre corporativo o de jurisdicción como elemento de entrada Real Academia Española
9 (RLIN) 63924
245 #0 - MENCION DE TITULO
Título Diccionario manual e ilustrado de la lengua española
Mención de responsabilidad Real Academia Española
250 ## - MENCION DE EDICION
Mención de edición Cuarta edición
260 ## - PUBLICACION, DISTRIBUCION, ETC. (PIE DE IMPRENTA)
Lugar de publicación, distribución, etc. Madrid (España) :
Nombre del editor, distribuidor, etc. Espasa-Calpe,
Fecha de publicación, distribución, etc. 1989.
300 ## - DESCRIPCION FISICA
Extensión 1666 páginas :
Otros detalles físicos ilustraciones a color ;
Dimensiones 25 x 19 centímteros
650 26 - ASIENTO SECUNDARIO DE MATERIA - TERMINO TEMATICO
Término temático o nombre geográfico como elemento de entrada Español
Subdivisión de forma Diccionarios, enciclopedias, etc.
9 (RLIN) 63927
650 24 - ASIENTO SECUNDARIO DE MATERIA - TERMINO TEMATICO
Término temático o nombre geográfico como elemento de entrada Lengua española
Subdivisión de forma Diccionarios, enciclopedias, etc.
9 (RLIN) 63928
942 ## - ELEMENTOS ADICIONALES (KOHA)
Sistema de clasificación Dewey Decimal Classification
Tipo de ítem Libro
Existencias
Withdrawn status Lost status Sistema de Clasificación Damaged status No para préstamo Colección Inventariado Ubicación Permanente Ubicación actual Fecha de adquisición Fuente de Valor Valor Total Checkouts Número topográfico Inventario / Código de Barras Date last seen Ejemplar Price effective from Forma de adquisición Tipo de material
    Local     Referencia Inventariado 2017 Bogotá Bogotá 04/12/2012 Instituto 50000.00   RE-00004 014305 04/12/2012 Ej.1 04/12/2012 Compra Referencia